| 000 | 00417nam a2200157Ia 4500 | ||
|---|---|---|---|
| 008 | 230917s9999||||xx |||||||||||||| ||und|| | ||
| 020 | _cPOU25 | ||
| 040 |
_e5042 _aMAIN |
||
| 041 | _aEnglish | ||
| 082 | _a574.1928 E83B | ||
| 100 | _aEisenberg, Henryk | ||
| 245 | 0 | _aBiological macromolecules and polyelectrolytes in solution | |
| 260 |
_aOxford _bClarendon Press _c1976 |
||
| 300 | _axviii, 272 p. | ||
| 942 | _cBK | ||
| 999 |
_c218535 _d218535 |
||